[Event "SR 4. liga A21 2010/2011"]
[Site "?"]
[Date "2011.02.06"]
[Round "8.6"]
[White "Zlamal, Marek"]
[Black "Prvy, Alojz"]
[Result "1-0"]
[WhiteElo "1519"]
[BlackElo "1529"]
[PlyCount "99"]
[EventDate "2010.??.??"]

1. c4 e5 2. Nc3 Bc5 3. e4 Nf6 4. d3 d6 5. Bg5 h6 6. Bh4 a6 7. Be2 O-O 8. h3
Nbd7 9. Nf3 c6 10. O-O Qb6 11. Na4 Qa7 12. Nxc5 Qxc5 13. Kh1 Nh7 14. d4 exd4
15. Nxd4 Ne5 16. Nb3 Qa7 17. Qxd6 f6 18. f4 Nf7 19. Qd3 Be6 20. Rad1 Rad8 21.
Qc3 Rxd1 22. Rxd1 Rd8 23. Nd4 Bc8 24. Bh5 c5 25. Nf5 Rxd1+ 26. Bxd1 Bxf5 27.
exf5 b6 28. Bf3 Qc7 29. Qe3 Qd7 30. Bd5 Kf8 31. g4 Qd6 32. Bg3 b5 33. Bf2 Nd8
34. Qxc5 Qxc5 35. Bxc5+ Ke8 36. Kg2 Kd7 37. Bg8 Kc6 38. Be7 Kd7 39. Bxd8 Nf8
40. Ba5 Kc6 41. Bd5+ Kc5 42. b4+ Kd6 43. Kf3 Nd7 44. Ke4 Nb8 45. c5+ Kd7 46.
Ba8 Nc6 47. Bxc6+ Kxc6 48. a3 Kd7 49. Kd5 Ke7 50. c6 1-0

[Event "SR 4. liga A21 2010/2011"]
[Site "?"]
[Date "2011.02.20"]
[Round "9.1"]
[White "Harasta, Juraj"]
[Black "Kupkovic, Miroslav"]
[Result "0-1"]
[WhiteElo "1706"]
[BlackElo "1818"]
[PlyCount "70"]
[EventDate "2010.??.??"]

1. e4 e5 2. Nf3 Nc6 3. Bb5 a6 4. Ba4 Nf6 5. O-O Be7 6. Re1 b5 7. Bb3 d6 8. c3
O-O 9. h3 Re8 10. Ng5 Rf8 11. Nf3 Na5 12. Bc2 c5 13. d4 Qc7 14. Nbd2 cxd4 15.
cxd4 Bb7 16. d5 Rac8 17. Bb1 Nh5 18. Nf1 Nf4 19. Bxf4 exf4 20. Bd3 Nc4 21. Rc1
Qa5 22. Qb3 Ne5 23. Be2 Rc5 24. a3 Rfc8 25. Rxc5 dxc5 26. Nxe5 Qxe1 27. Qf3 Re8
28. Nd3 Qb1 29. Qxf4 c4 30. Bh5 g6 31. Ne5 Rf8 32. Ng4 Qxb2 33. Nfe3 Bc8 34. e5
Bxg4 35. Nxg4 c3 0-1

[Event "SR 4. liga A21 2010/2011"]
[Site "?"]
[Date "2011.02.20"]
[Round "9.1"]
[White "Harasta, Marian"]
[Black "Pripko, Bystrik"]
[Result "1/2-1/2"]
[WhiteElo "1663"]
[BlackElo "1607"]
[PlyCount "36"]
[EventDate "2010.??.??"]

1. e4 e5 2. Nf3 Nc6 3. Bb5 a6 4. Ba4 Nf6 5. O-O Be7 6. Bxc6 dxc6 7. d3 Nd7 8.
b3 O-O 9. Bb2 f6 10. Nc3 Nc5 11. Ne2 Rf7 12. Nh4 Ne6 13. Nf5 Bf8 14. Qd2 c5 15.
f4 Nxf4 16. Nxf4 Bxf5 17. exf5 exf4 18. Qxf4 Qd6 1/2-1/2

[Event "SR 4. liga A21 2010/2011"]
[Site "?"]
[Date "2011.02.20"]
[Round "9.1"]
[White "Hecko, Dusan"]
[Black "Jablonicky, Martin"]
[Result "1-0"]
[WhiteElo "2118"]
[BlackElo "1884"]
[Annotator "Fritz 12 (20s)"]
[PlyCount "71"]
[EventDate "2010.??.??"]

{D13: Slav Defence: Exchange variation without ...Bf5} 1. c4 Nf6 2. Nc3 c6 3.
Nf3 d5 4. cxd5 cxd5 5. d4 e6 6. e3 ({kniz fritz} 6. Bg5 Be7 7. e3 Qb6 8. Qc2
Nc6 9. a3) 6... Be7 7. Bd2 {N} O-O 8. Bd3 Nc6 9. Rc1 Bd7 10. O-O Rc8 11. Qe2
Nb4 12. Bb1 Bc6 13. Ne5 Nd7 $14 14. f4 f5 15. g4 g6 16. gxf5 Nxe5 ({horsie bolo
} 16... exf5 17. Nxc6 Nxc6 18. Nxd5 $16) 17. fxe5 exf5 18. Be1 Na6 $11 19. Bg3
Nc7 20. a3 a6 21. Ba2 Nb5 $4 {Diagram #} (21... Qd7 $142 $11 {bolo solidne})
22. Nxd5 $1 $18 Bxd5 23. Rxc8 Qxc8 24. Bxd5+ Kg7 25. Qg2 b6 26. Bb7 Qe6 27. Rc1
(27. d5 $5 {bola rychlejsia cesta k vyhre} Qd7 28. Bxa6 Nc7 $18) 27... Qb3 28.
Qd2 Bg5 29. Bf2 $2 (29. Kf2 $142 $18 {bolo jednoduchsie a jasne}) 29... f4 30.
Re1 f3 $2 (30... fxe3 $142 $5 {mohol este cierny hrat} 31. Bxe3 Bxe3+ 32. Qxe3
Qxb2 $18 33. d5 Nxa3 34. e6 Nc4 35. Qg3) 31. Kh1 Qe6 $2 (31... Rd8 $142 $5 32.
d5 Rd7 $18) 32. Bxa6 Qh3 33. Rg1 Nc7 34. Bf1 Qf5 $4 (34... Qh6 35. d5 Bh4 $18)
35. Bd3 Qh3 36. Rxg5 1-0

[Event "SR 4. liga A21 2010/2011"]
[Site "?"]
[Date "2011.02.20"]
[Round "9.1"]
[White "Prvy, Alojz"]
[Black "Bakos, Adrian"]
[Result "1/2-1/2"]
[WhiteElo "1529"]
[BlackElo "1414"]
[PlyCount "78"]
[EventDate "2010.??.??"]

1. c4 e5 2. Nc3 d6 3. g3 Nf6 4. Bg2 Be7 5. d3 h6 6. a4 a6 7. Qb3 c6 8. a5 O-O
9. Bd2 Nbd7 10. Na4 Qc7 11. e3 Kh8 12. Ne2 Nh7 13. Nb6 Nxb6 14. axb6 Qd7 15. d4
f6 16. d5 c5 17. h4 f5 18. Bh3 Qe8 19. f4 e4 20. Bc3 Nf6 21. Qa3 Bd7 22. b4 Qd8
23. bxc5 dxc5 24. Qa5 Ng4 25. Bxg4 fxg4 26. Rb1 Bf5 27. Be5 Bd6 28. Bxd6 Qxd6
29. Nc3 Rac8 30. Ke2 Rfe8 31. Qa4 Bd7 32. Qc2 Bf5 33. Rb2 h5 34. Ra1 Kh7 35.
Ra5 Qf6 36. Na4 Qd6 37. Qb3 Bd7 38. Nc3 Bf5 39. Qa3 Bd7 {
oba partiare su plne chyb} 1/2-1/2

[Event "SR 4. liga A21 2010/2011"]
[Site "?"]
[Date "2011.02.20"]
[Round "9.1"]
[White "Slaby, Marian"]
[Black "Brisudova, Veronika"]
[Result "0-1"]
[WhiteElo "1855"]
[BlackElo "1797"]
[PlyCount "64"]
[EventDate "2010.??.??"]

1. e4 c5 2. Nf3 e6 3. d4 cxd4 4. Nxd4 Nc6 5. Nc3 d6 6. Bc4 Nf6 7. O-O Be7 8.
Be3 O-O 9. Bb3 Nxd4 10. Bxd4 b5 11. Nxb5 Nxe4 12. Nxa7 Bb7 13. f3 Nf6 14. Nb5
e5 15. Be3 d5 16. f4 d4 17. Bf2 Qd7 18. a4 Qc6 19. Qf3 e4 20. Qe2 e3 21. Bh4
Bc5 22. Rad1 Qb6 23. h3 Ne4 24. Kh2 Qh6 25. g3 Nd2 26. Rxd2 exd2 27. Qxd2 Qc6
28. f5 Rae8 29. f6 d3 30. cxd3 Be3 31. Qc2 Bg1+ 32. Rxg1 Qxc2+ 0-1

[Event "SR 4. liga A21 2010/2011"]
[Site "?"]
[Date "2011.02.20"]
[Round "9.1"]
[White "Vagovic, Milan"]
[Black "Harastova, Viera"]
[Result "1/2-1/2"]
[WhiteElo "1667"]
[BlackElo "1823"]
[PlyCount "76"]
[EventDate "2010.??.??"]

1. d4 d5 2. c4 c6 3. Nc3 Nf6 4. Nf3 Bg4 5. Bg5 e6 6. h3 Bh5 7. g4 Bg6 8. e3 Be7
9. Qb3 Qc8 10. cxd5 cxd5 11. Rc1 Nc6 12. Bb5 O-O 13. O-O Na5 14. Qa4 Nc4 15.
Bxc4 Qxc4 16. Qxc4 dxc4 17. Ne5 Rfc8 18. Nxg6 fxg6 19. Bxf6 gxf6 20. a3 Kf7 21.
d5 exd5 22. Nxd5 Rc5 23. e4 b5 24. Rfd1 h5 25. Nf4 hxg4 26. hxg4 g5 27. Ne2 Rc7
28. Kg2 Rd8 29. Rxd8 Bxd8 30. Nc3 a6 31. Nd5 Rd7 32. f3 Ba5 33. Rh1 Kg7 34. Rc1
Bd2 35. Rc2 Be1 36. Kf1 Bg3 37. Kg2 Be1 38. Kf1 Bg3 1/2-1/2

[Event "SR 4. liga A21 2010/2011"]
[Site "?"]
[Date "2011.02.24"]
[Round "9.2"]
[White "Kubik, Peter"]
[Black "Gubis, Vladimir"]
[Result "0-1"]
[WhiteElo "1630"]
[BlackElo "1795"]
[PlyCount "122"]
[EventDate "2010.??.??"]

1. e4 c5 2. Nf3 d6 3. d4 cxd4 4. Nxd4 Nf6 5. Nc3 a6 6. Bd3 e6 7. O-O Nbd7 8.
Be3 Be7 9. f4 Qc7 10. Qf3 b6 11. Qg3 Bb7 12. f5 e5 13. Nf3 Rg8 14. Qf2 Ng4 15.
Qe2 Nxe3 16. Qxe3 d5 17. Qe2 Qc5+ 18. Kh1 d4 19. Nd5 Qd6 20. Rac1 b5 21. c3
dxc3 22. Rxc3 Bxd5 23. exd5 f6 24. Rfc1 Kf7 25. Be4 Rgd8 26. Nh4 Rab8 27. Qh5+
Kg8 28. a3 Nb6 29. Rc6 Qd7 30. Rc7 Qe8 31. Qd1 Nc4 32. b3 Nd6 33. Bf3 Rdc8 34.
R1c6 Rxc7 35. Rxc7 Qd8 36. Qc2 Qxc7 37. Qxc7 Rc8 38. Qc6 Kf8 39. g4 Rxc6 40.
dxc6 Bd8 41. Bd5 Bb6 42. Kg2 Nc8 43. Kf3 Ne7 44. Ke4 Ke8 45. Nf3 Kd8 46. h4 Kc7
47. g5 Kd6 48. Bf7 Kxc6 49. h5 h6 50. g6 Kd6 51. Nd2 Ba5 52. Nf1 Bb6 53. Be6
Bd4 54. Ne3 Bxe3 55. Kxe3 Nd5+ 56. Kf3 Nf4 57. Bc8 a5 58. Kg4 b4 59. a4 Kc5 60.
Bb7 Kd4 61. Bf3 Kd3 0-1

[Event "SR 4. liga A21 2010/2011"]
[Site "?"]
[Date "2011.02.24"]
[Round "9.2"]
[White "Matejovic, Ludovit"]
[Black "Pagac, Robert"]
[Result "0-1"]
[WhiteElo "1610"]
[BlackElo "1818"]
[PlyCount "62"]
[EventDate "2010.??.??"]

1. e4 e5 2. Nf3 Nc6 3. Bc4 Nf6 4. d3 h6 5. Be3 d6 6. h3 Be7 7. Nc3 Be6 8. Bxe6
fxe6 9. Nh2 Qd7 10. Ng4 O-O-O 11. Nb5 a6 12. Na3 d5 13. Nxf6 gxf6 14. c3 f5 15.
exf5 exf5 16. g3 d4 17. cxd4 Nxd4 18. Bxd4 Qxd4 19. Nc4 Bb4+ 20. Kf1 e4 21. Ne3
exd3 22. Qb3 Qe4 23. Rh2 Bc5 24. Re1 d2 25. Rd1 Rhe8 26. Qc2 Bxe3 27. Qxe4 Rxe4
28. fxe3 Rxe3 29. g4 fxg4 30. hxg4 Rf8+ 31. Kg1 Re1+ 0-1

[Event "SR 4. liga A21 2010/2011"]
[Site "?"]
[Date "2011.02.24"]
[Round "9.2"]
[White "Oravec, Pavol"]
[Black "Baumgartner, Milan"]
[Result "0-1"]
[WhiteElo "1373"]
[BlackElo "1588"]
[PlyCount "64"]
[EventDate "2010.??.??"]

1. d4 d5 2. Nf3 Bg4 3. Bf4 Bxf3 4. gxf3 e6 5. e3 Nf6 6. Nd2 Bb4 7. c3 Be7 8.
Qb3 b6 9. Rg1 O-O 10. Bd3 c5 11. Qc2 c4 12. Be2 Nbd7 13. e4 b5 14. e5 Ne8 15.
Be3 g6 16. f4 Ng7 17. Nf3 f5 18. Ng5 h6 19. Nf3 Kh7 20. Rg3 Ne8 21. O-O-O Rg8
22. Rdg1 Nf8 23. Rh3 Kg7 24. Nd2 Kh7 25. Nf1 Nc7 26. Ng3 a5 27. Bf3 b4 28. b3
cxb3 29. axb3 bxc3 30. Qxc3 a4 31. bxa4 Rxa4 32. Qb2 Ba3 0-1

[Event "SR 4. liga A21 2010/2011"]
[Site "?"]
[Date "2011.02.24"]
[Round "9.2"]
[White "Siska, Michal"]
[Black "Vogl, Zdenek"]
[Result "0-1"]
[WhiteElo "1636"]
[BlackElo "1863"]
[PlyCount "58"]
[EventDate "2010.??.??"]

1. c4 Nf6 2. Nc3 e6 3. Nf3 b6 4. g3 Bb7 5. Bg2 c5 6. d3 Be7 7. Bf4 O-O 8. Nb5
d6 9. a3 a6 10. Nc3 Nc6 11. O-O Rb8 12. Qc2 e5 13. Bg5 Nd4 14. Nxd4 exd4 15.
Bxb7 Rxb7 16. Bxf6 Bxf6 17. Nd5 g6 18. b4 Bg7 19. Rab1 h5 20. Rb3 h4 21. Rfb1
b5 22. bxc5 dxc5 23. e4 dxe3 24. fxe3 Qg5 25. Qg2 Rfb8 26. gxh4 Qxh4 27. Qg3
Qd8 28. Qf2 Be5 29. Rf1 Kg7 {Necitatelny zapis} 0-1

[Event "SR 4. liga A21 2010/2011"]
[Site "?"]
[Date "2011.02.20"]
[Round "9.3"]
[White "Barcaj, Miroslav"]
[Black "Sadlon, Juraj"]
[Result "0-1"]
[WhiteElo "1558"]
[BlackElo "1873"]
[PlyCount "96"]
[EventDate "2010.??.??"]

1. e4 d5 2. exd5 Nf6 3. a3 Nxd5 4. Bc4 Bf5 5. d3 Nb6 6. Ba2 Nc6 7. Be3 e5 8.
Nc3 Be7 9. Qf3 Qd7 10. Nge2 O-O 11. O-O Bf6 12. Ne4 Bxe4 13. dxe4 Nd4 14. Bxd4
exd4 15. Rad1 c5 16. c3 Qb5 17. cxd4 cxd4 18. b4 Rfd8 19. Qd3 Qxd3 20. Rxd3
Rac8 21. Rc1 Rxc1+ 22. Nxc1 Na4 23. g3 Nb2 24. Rf3 d3 25. Bb3 d2 26. Ne2 d1=Q+
27. Bxd1 Rxd1+ 28. Kg2 Rd3 29. Nf4 Rxf3 30. Kxf3 Nc4 31. a4 Ne5+ 32. Ke2 Bd8
33. f3 Bb6 34. Nd5 Kf8 35. h3 Ke8 36. f4 Nc4 37. a5 Bg1 38. g4 Kd7 39. f5 Bh2
40. g5 Nd6 41. Kd3 g6 42. fxg6 hxg6 43. Nf6+ Kc6 44. Ng4 Bf4 45. h4 Kb5 46. Nf6
Bg3 47. h5 gxh5 48. Nxh5 Be5 0-1

[Event "SR 4. liga A21 2010/2011"]
[Site "?"]
[Date "2011.02.20"]
[Round "9.3"]
[White "Pericka, Pavol"]
[Black "Huska, Branislav"]
[Result "1-0"]
[WhiteElo "1729"]
[BlackElo "1503"]
[PlyCount "83"]
[EventDate "2010.??.??"]

1. e4 e6 2. d4 d5 3. e5 c5 4. c3 Nc6 5. Nf3 Qb6 6. Bd3 cxd4 7. cxd4 Nge7 8. Nc3
Ng6 9. O-O Be7 10. Na4 Qc7 11. Be3 O-O 12. Rc1 Bd7 13. Nc5 b6 14. Nb3 Qb7 15.
Bg5 Bxg5 16. Nxg5 h6 17. Nf3 Nce7 18. g3 f6 19. Qc2 Rac8 20. Qb1 fxe5 21. Nxe5
Nxe5 22. dxe5 Nf5 23. Rxc8 Rxc8 24. g4 Ne7 25. Nd4 Nc6 26. Nb5 Nxe5 27. Nd6 Qc7
28. Nxc8 Nxg4 29. Ne7+ Kf8 30. Ng6+ Kg8 31. f4 Qc5+ 32. Kg2 Bc6 33. Rf3 d4 34.
Be4 Qh5 35. h3 Ne3+ 36. Rxe3 dxe3 37. Bxc6 Qe2+ 38. Kh1 Qf2 39. Qg1 Qd2 40. Ne5
e2 41. Nf3 Qxf4 42. Qe1 1-0

[Event "SR 4. liga A21 2010/2011"]
[Site "?"]
[Date "2011.02.20"]
[Round "9.3"]
[White "Sadlon, Matus"]
[Black "Dest, Stanislav"]
[Result "0-1"]
[WhiteElo "1419"]
[BlackElo "1000"]
[PlyCount "116"]
[EventDate "2010.??.??"]

1. e4 e5 2. Nf3 d6 3. d4 exd4 4. Nxd4 Nf6 5. Nc3 Be7 6. Bc4 Bd7 7. O-O Nc6 8.
Nb3 O-O 9. Re1 a6 10. Bd5 Qc8 11. a3 Re8 12. Bg5 Nxd5 13. Qxd5 Be6 14. Qd2 Bxg5
15. Qxg5 Bxb3 16. cxb3 Nd4 17. Nd5 Kf8 18. Rac1 Ne6 19. Qf5 Kg8 20. Rc3 Qd8 21.
Qg4 Rc8 22. Ne3 Qg5 23. f3 Qxg4 24. Nxg4 Nf4 25. Kf2 f5 26. exf5 Rxe1 27. Kxe1
Nxg2+ 28. Kf2 Nh4 29. Ne3 g6 30. Kg3 Nxf5+ 31. Nxf5 gxf5 32. Kf4 c6 33. Kxf5
Re8 34. Rd3 d5 35. Rd2 Kf7 36. Kf4 Kf6 37. Rg2 d4 38. Rd2 c5 39. b4 b6 40. a4
Rd8 41. Ke4 Re8+ 42. Kd5 Re5+ 43. Kc4 Kf5 44. Rf2 Kf4 45. bxc5 bxc5 46. b4 Ke3
47. f4 Rf5 48. Rg2 cxb4 49. Kxb4 Rxf4 50. Kc4 d3+ 51. Kc3 Rxa4 52. Rg3+ Kf2 53.
Kd2 Ra2+ 54. Kd1 Ra3 55. Rg7 h5 56. Kd2 h4 57. Rg4 Ra2+ 58. Kd1 Ke3 0-1

[Event "SR 4. liga A21 2010/2011"]
[Site "?"]
[Date "2011.02.20"]
[Round "9.3"]
[White "Spacek, Oliver"]
[Black "Palka, Martin"]
[Result "1-0"]
[WhiteElo "1887"]
[BlackElo "1855"]
[PlyCount "63"]
[EventDate "2010.??.??"]

1. d4 d5 2. c4 c6 3. Nf3 Nf6 4. e3 e6 5. Qc2 Bd6 6. b3 Nbd7 7. Bb2 O-O 8. Bd3
h6 9. O-O Re8 10. Nbd2 e5 11. dxe5 Nxe5 12. Nxe5 Bxe5 13. Nf3 Bxb2 14. Qxb2 Qe7
15. h3 c5 16. Rfd1 dxc4 17. bxc4 Ne4 18. Bxe4 Qxe4 19. Nd2 Qg6 20. Kh1 b6 21.
Nf1 Bb7 22. f3 Qe6 23. e4 Ba6 24. Ne3 Bxc4 25. Nf5 f6 26. Qf2 Kh7 27. Qg3 Rg8
28. Qc7 Qf7 29. Rd7 Qg6 30. Ne7 Qf7 31. Nxg8 Qxg8 32. Qc6 1-0

[Event "SR 4. liga A21 2010/2011"]
[Site "?"]
[Date "2011.02.20"]
[Round "9.3"]
[White "Tokos, Rastislav"]
[Black "Spacek, Marcel"]
[Result "0-1"]
[WhiteElo "1933"]
[BlackElo "1724"]
[PlyCount "106"]
[EventDate "2010.??.??"]

1. e4 c5 2. Nf3 e6 3. b3 Nf6 4. e5 Nd5 5. c4 Ne7 6. Bb2 Nbc6 7. d4 cxd4 8. Bxd4
Nf5 9. Bc3 Bc5 10. Bd3 d5 11. Bxf5 exf5 12. Qxd5 Qb6 13. O-O Be6 14. Qd2 Rd8
15. Qe2 O-O 16. Ng5 Nd4 17. Qh5 h6 18. Nxe6 fxe6 19. Nd2 f4 20. Bxd4 Bxd4 21.
Rad1 Rf5 22. c5 Qxc5 23. Qh4 Rdf8 24. Nf3 Bxe5 25. Nxe5 Qxe5 26. Rfe1 Qb2 27.
Qe7 R8f7 28. Qxe6 Qxa2 29. Ra1 Qd2 30. Re2 Qd4 31. Ra4 Qd5 32. Rxa7 Qxe6 33.
Rxe6 Rb5 34. Ra3 Rc7 35. Re1 Rc3 36. Rb1 f3 37. h4 Kf7 38. g4 Rb4 39. Ra4 Rbxb3
40. Rxb3 Rxb3 41. Kh2 b6 42. Kg3 g6 43. Kf4 Kf6 44. Rc4 g5+ 45. hxg5+ hxg5+ 46.
Ke4 Ke7 47. Rc6 b5 48. Rb6 b4 49. Kf5 Rb2 50. Kxg5 Rxf2 51. Rxb4 Re2 52. Rf4 f2
53. Kh6 Re6+ 0-1

[Event "SR 4. liga A21 2010/2011"]
[Site "?"]
[Date "2011.02.20"]
[Round "9.4"]
[White "Diviak, Rudolf"]
[Black "Jablonicky, Boris"]
[Result "1-0"]
[WhiteElo "1887"]
[BlackElo "1745"]
[PlyCount "71"]
[EventDate "2010.??.??"]

1. e4 e5 2. Nf3 Nc6 3. Bc4 Be7 4. c3 d6 5. d3 Bg4 6. h3 Bh5 7. Nbd2 Nf6 8. Nf1
O-O 9. Ng3 Bg6 10. O-O Na5 11. Bb5 c6 12. Ba4 b5 13. Bc2 Nb7 14. Qe2 a5 15. Bd2
Qc7 16. Rac1 Nd7 17. a3 f6 18. Nh4 Bf7 19. Nhf5 Rfe8 20. Qg4 g6 21. Nh6+ Kg7
22. Nxf7 Kxf7 23. Bb3+ Kg7 24. Nf5+ Kh8 25. Nh6 Ndc5 26. Ba2 Nd8 27. Qg3 Bf8
28. Ng4 Bg7 29. f4 Rf8 30. f5 g5 31. h4 gxh4 32. Qxh4 Nxd3 33. Rf3 Nf4 34. Bxf4
exf4 35. Rh3 Bh6 36. Qxh6 1-0

[Event "SR 4. liga A21 2010/2011"]
[Site "?"]
[Date "2011.02.20"]
[Round "9.4"]
[White "Kavon, Rastislav"]
[Black "Diviak, Rastislav"]
[Result "1-0"]
[WhiteElo "1699"]
[BlackElo "2014"]
[PlyCount "67"]
[EventDate "2010.??.??"]

1. e4 c5 2. Nf3 d6 3. d4 cxd4 4. Nxd4 Nf6 5. Nc3 a6 6. Be3 e6 7. f3 b5 8. Qd2
Bb7 9. g4 Be7 10. O-O-O Nc6 11. Kb1 Ne5 12. g5 Nfd7 13. h4 Qc7 14. h5 Rc8 15.
Bd3 Nb6 16. Qe2 b4 17. Ncb5 axb5 18. Nxb5 Qd8 19. f4 Nec4 20. Bxb6 Nxb6 21. g6
O-O 22. gxf7+ Rxf7 23. h6 g6 24. Rhg1 Ba6 25. Qg4 Bxb5 26. Bxb5 Qc7 27. Bd3 e5
28. f5 Rf6 29. fxg6 Rxg6 30. Qf5 Bf8 31. Rxg6+ hxg6 32. Qxg6+ Kh8 33. Rg1 Qh7
34. Qf6+ 1-0

[Event "SR 4. liga A21 2010/2011"]
[Site "?"]
[Date "2011.02.20"]
[Round "9.4"]
[White "Lezovic, Martin"]
[Black "Nemeckayova, Monika"]
[Result "0-1"]
[WhiteElo "1516"]
[BlackElo "1808"]
[PlyCount "62"]
[EventDate "2010.??.??"]

1. e4 c5 2. Nf3 a6 3. g3 Nc6 4. Bg2 g6 5. O-O Bg7 6. c3 Nf6 7. e5 Nh5 8. d4
cxd4 9. cxd4 d6 10. exd6 Qxd6 11. Be3 O-O 12. Qd2 Rd8 13. Rd1 Nf6 14. Bf4 Qd7
15. Ne5 Nxe5 16. dxe5 Qxd2 17. Rxd2 Rxd2 18. Nxd2 Nh5 19. b3 Nxf4 20. gxf4 Bh6
21. Nc4 Rb8 22. Nb6 Be6 23. Rc1 Bxf4 24. Rc7 Bxe5 25. Rxe7 Bd4 26. Nc4 b5 27.
Na5 Bc5 28. Rb7 Rd8 29. Bf3 Rd2 30. Kg2 Rxf2+ 31. Kg3 Rxa2 0-1

[Event "SR 4. liga A21 2010/2011"]
[Site "?"]
[Date "2011.02.20"]
[Round "9.4"]
[White "Nemeckay, Rastislav"]
[Black "Bango, Lukas"]
[Result "1-0"]
[WhiteElo "1770"]
[BlackElo "1261"]
[PlyCount "131"]
[EventDate "2010.??.??"]

1. e4 e5 2. Nf3 Nc6 3. Bb5 d6 4. d4 Bg4 5. d5 a6 6. Be2 Nce7 7. c4 Nf6 8. Nc3
Ng6 9. O-O Be7 10. Nd2 Bxe2 11. Qxe2 O-O 12. Nf3 Nf4 13. Bxf4 exf4 14. e5 Nd7
15. exd6 Bxd6 16. Ne4 Re8 17. Qd3 Ne5 18. Nxe5 Bxe5 19. Nc3 c6 20. Rab1 Re6 21.
Qf5 g6 22. Qc2 cxd5 23. Nxd5 Rc6 24. Rfd1 Qf8 25. Qd3 Qd6 26. h3 f3 27. Qxf3
Rxc4 28. Ne3 Rd4 29. Qxb7 Rb8 30. Qf3 Rxd1+ 31. Rxd1 Qe6 32. b3 a5 33. Qd5 Qxd5
34. Rxd5 Bc7 35. Rd7 Be5 36. Nc4 Bc3 37. Rd3 Bb4 38. a3 Be1 39. Re3 a4 40. Rxe1
axb3 41. Rb1 Kg7 42. Nd2 Kf6 43. Rxb3 Ra8 44. Re3 Kg5 45. Kf1 f5 46. Ke2 f4 47.
Re5+ Kf6 48. Re4 Kf5 49. a4 Ra5 50. f3 g5 51. Nc4 Ra6 52. a5 h5 53. Kd3 g4 54.
Re5+ Kg6 55. hxg4 hxg4 56. fxg4 Kf6 57. Rf5+ Kg6 58. Rxf4 Kg5 59. Rd4 Kh4 60.
Kc3 Kg3 61. Rd6 Rxa5 62. Nxa5 Kxg4 63. Rf6 Kg3 64. Kd3 Kxg2 65. Ke3 Kg3 66.
Rg6+ 1-0

[Event "SR 4. liga A21 2010/2011"]
[Site "?"]
[Date "2011.02.20"]
[Round "9.5"]
[White "Bjel, Tomas"]
[Black "Dubecky, Ladislav"]
[Result "1-0"]
[WhiteElo "1743"]
[BlackElo "1551"]
[PlyCount "45"]
[EventDate "2010.??.??"]

1. e4 e5 2. Nf3 d6 3. d4 exd4 4. Qxd4 Nc6 5. Bb5 Bd7 6. Bxc6 Bxc6 7. O-O Nf6 8.
Nc3 g6 9. Bg5 Bg7 10. e5 dxe5 11. Qxe5+ Qe7 12. Qxe7+ Kxe7 13. Nd4 Bd7 14. Nd5+
Kf8 15. Nxf6 Bxf6 16. Bxf6 Rg8 17. Rfe1 Re8 18. Rxe8+ Bxe8 19. Re1 c5 20. Nf3
h6 21. Re7 Bc6 22. Ne5 Bd5 23. Nd7# 1-0

[Event "SR 4. liga A21 2010/2011"]
[Site "?"]
[Date "2011.02.20"]
[Round "9.5"]
[White "Cerovsky, Marian"]
[Black "Lajda, Dusan"]
[Result "1/2-1/2"]
[WhiteElo "1783"]
[BlackElo "1890"]
[PlyCount "106"]
[EventDate "2010.??.??"]

1. e4 c5 2. Nc3 d6 3. Nf3 Nf6 4. Bc4 e6 5. a3 a6 6. d3 b5 7. Ba2 Nc6 8. O-O Bb7
9. h3 Be7 10. Nh2 d5 11. exd5 Nxd5 12. Nxd5 exd5 13. c3 O-O 14. Qh5 c4 15. d4
Bf6 16. Ng4 g6 17. Nxf6+ Qxf6 18. Qxd5 Na5 19. Qg5 Qc6 20. f3 Rfe8 21. Bf4 f6
22. Qg3 Re2 23. Rf2 Rae8 24. Raf1 R2e7 25. Bb1 Qd7 26. h4 Kf7 27. Bh6 Rg8 28.
f4 Be4 29. Bxe4 Rxe4 30. Qf3 f5 31. g4 Rge8 32. gxf5 Qxf5 33. Rg2 Re3 34. Qg4
Qxg4 35. Rxg4 R3e4 36. Rg5 Re1 37. h5 Rxf1+ 38. Kxf1 Re4 39. hxg6+ hxg6 40. Re5
Rxe5 41. fxe5 Ke6 42. Kf2 Nc6 43. Kf3 Kf5 44. Bf4 Ne7 45. Bg3 Nd5 46. Bf2 Ne7
47. Ke2 a5 48. Kf3 Nd5 49. Bh4 Nf4 50. Bd8 a4 51. Bc7 Nd5 52. Bd6 Nf4 53. Bf8
Nd5 1/2-1/2

[Event "SR 4. liga A21 2010/2011"]
[Site "?"]
[Date "2011.02.20"]
[Round "9.5"]
[White "Damborsky, Pavol"]
[Black "Bjel, Lubos"]
[Result "1/2-1/2"]
[WhiteElo "1649"]
[BlackElo "1665"]
[PlyCount "76"]
[EventDate "2010.??.??"]

1. c4 e6 2. Nc3 Nf6 3. d4 Bb4 4. Bd2 Bxc3 5. Bxc3 O-O 6. Nf3 d5 7. cxd5 exd5 8.
h3 Re8 9. e3 Ne4 10. Bd3 Bf5 11. O-O Nd7 12. Rc1 c6 13. Bxe4 dxe4 14. Nh2 Qg5
15. Kh1 Rad8 16. g4 Be6 17. Rg1 Ne5 18. b3 Nd3 19. Rc2 Qh4 20. Qf1 b6 21. Rg3
Bc8 22. Be1 Bb7 23. Nf3 Nxf2+ 24. Qxf2 exf3 25. Qxf3 Re7 26. Kh2 c5 27. Qf4
cxd4 28. Rg1 Qf6 29. Qxf6 gxf6 30. exd4 Rxd4 31. Bh4 Rde4 32. Rf1 Re2+ 33. Rf2
Rxc2 34. Rxc2 Kg7 35. Rf2 Re6 36. Bg3 a6 37. Rd2 Bf3 38. a3 a5 1/2-1/2

[Event "SR 4. liga A21 2010/2011"]
[Site "?"]
[Date "2011.02.20"]
[Round "9.5"]
[White "Madzo, Anton"]
[Black "Pisecky, Jan"]
[Result "0-1"]
[WhiteElo "1521"]
[BlackElo "1529"]
[PlyCount "128"]
[EventDate "2010.??.??"]

1. c4 g6 2. Nc3 d6 3. d4 Bg7 4. Nf3 c6 5. e4 e6 6. Be2 Nd7 7. O-O f6 8. Rb1 Qc7
9. b4 b6 10. Re1 Ne7 11. Be3 Bb7 12. Qc1 O-O 13. g3 Rac8 14. h4 a6 15. Bh6 Rf7
16. Bxg7 Kxg7 17. Kg2 h6 18. Nh2 f5 19. exf5 exf5 20. Bf3 Nf6 21. Ne2 d5 22. c5
b5 23. Nf4 Qd7 24. Rb3 Re8 25. Rbe3 Ne4 26. Bxe4 dxe4 27. f3 Nd5 28. Nxd5 Qxd5
29. Qb2 h5 30. f4 Rd7 31. Rd1 Red8 32. Re2 Kf7 33. Kh3 Qc4 34. Rc2 Qe6 35. Re2
Qf6 36. Qb3+ Rd5 37. Red2 Bc8 38. Nf1 Be6 39. Qc3 Kg8 40. Ne3 R5d7 41. a3 Qf7
42. Rb1 Ba2 43. Rbd1 Qb3 44. Qxb3+ Bxb3 45. Rb1 Ba4 46. d5 cxd5 47. Rd4 Kf7 48.
Rc1 Ke6 49. c6 Rc7 50. Rc5 Bb3 51. Rc3 Bc4 52. Nxc4 bxc4 53. Rcxc4 dxc4 54.
Rxd8 Rxc6 55. Rd1 Rd6 56. Rc1 Rd4 57. a4 Kd6 58. Kg2 Kd5 59. Kf2 Rd2+ 60. Ke3
Rd3+ 61. Kf2 Kd4 62. b5 axb5 63. axb5 Rb3 64. Rd1+ Kc5 0-1

[Event "SR 4. liga A21 2010/2011"]
[Site "?"]
[Date "2011.02.20"]
[Round "9.5"]
[White "Smrek, Peter"]
[Black "Kovarik, Oto"]
[Result "1-0"]
[WhiteElo "1882"]
[BlackElo "2025"]
[PlyCount "99"]
[EventDate "2010.??.??"]

1. e4 c5 2. Nf3 e6 3. d4 cxd4 4. Nxd4 Nc6 5. Be3 a6 6. a3 Qc7 7. Nc3 Nf6 8. Bd3
Be7 9. Qe2 O-O 10. O-O b5 11. f4 Nxd4 12. Bxd4 Bc5 13. Bxc5 Qxc5+ 14. Kh1 Bb7
15. e5 Ne8 16. Ne4 Qe7 17. Qh5 g6 18. Qh6 f5 19. Ng5 Qg7 20. Qh3 h6 21. Nf3 Rc8
22. c3 d5 23. Nd4 Nc7 24. g4 Kh7 25. Rg1 Qf7 26. Raf1 Rce8 27. Rg3 Na8 28. Qg2
Nb6 29. h3 Nc4 30. Qc2 Kh8 31. Qc1 Rc8 32. Kh2 Rg8 33. Rfg1 Rcf8 34. b3 Na5 35.
gxf5 gxf5 36. Qe1 Nc6 37. Rxg8+ Rxg8 38. Rxg8+ Kxg8 39. Qg3+ Kh7 40. Nf3 Qg6
41. Qh4 Qg7 42. Ng5+ Kg8 43. Nxe6 Qg6 44. Nd8 Ba8 45. Nxc6 Qxc6 46. Qd8+ Kf7
47. Bxf5 d4 48. e6+ Kg7 49. Qe7+ Kg8 50. Qh7+ 1-0

[Event "SR 4. liga A21 2010/2011"]
[Site "?"]
[Date "2011.02.20"]
[Round "9.6"]
[White "Bartos, Bohumil"]
[Black "Sladek, Tibor"]
[Result "1/2-1/2"]
[WhiteElo "1574"]
[BlackElo "1426"]
[PlyCount "50"]
[EventDate "2010.??.??"]

1. e4 e5 2. Nf3 Nc6 3. Bb5 d6 4. c3 Bd7 5. O-O a6 6. Ba4 h6 7. d4 exd4 8. cxd4
Bg4 9. Bxc6+ bxc6 10. h3 Bxf3 11. Qxf3 Qf6 12. Qc3 Ne7 13. Re1 g5 14. Be3 Bg7
15. Nd2 O-O 16. Rac1 Qe6 17. Qd3 Qg6 18. Qb1 Rfe8 19. f3 a5 20. b3 Rab8 21. Rc4
d5 22. Ra4 Ra8 23. Bf2 Reb8 24. exd5 Qxb1 25. Nxb1 Nxd5 1/2-1/2